00465nam a2200145Ia 4500003000500000005001700005008004100022020001800063050002200081245009000103250001700193260004800210300004100258500002000299PILC20160316153655.0140609s9999 xx 000 0 und d a9780415484213 aF 499b.T741 2011 4aThe history of reading /cEdited by Shaquat Towheed, Rosalind Crone and Katie Halsey. a1st edition. aNew York :bIndividual Contributors,c2011. a453 pages :billustrations ;c25 cm. aIncludes index.